000 00589nam a22001937a 4500
003 OSt
005 20250710045742.0
008 250710b |||||||| |||| 00| 0 eng d
040 _aDWCL - Main lib
_cOC
082 _aFil. 657 B188a 2007
100 _aBallada, Susan
245 _a Accounting fundamentals made easy/
_cSusan Ballada
250 _a1st edition.
260 _aManila :
_bDomdane Publishers & Made Easy Books,
_cc2007.
300 _axii, 279 p. :
_b ill. ;
_c25 cm.
650 _a1.Accounting.
700 _aWin Ballada
942 _2ddc
_cBK - FIL
_e1st edition.
_kFil.
_n0
999 _c3574
_d3574